00741nam a2200181 a 450000100100000000500170001000800410002704000250006808200110009310000360010424501350014024600420027526000690031730000210038659000260040795201090043399900170054200004910020250217092805.0190718s1991 dr 000 0 spa d aDO-SdBNPbspacBNPHU axxbxx1 aJuanes, Benignod1916-2009944210aIniciación a la curación física e interior :bguía para la renovación carismática católica 1 /cBenigno Juanes S. J.14aIniciación a la curación interior aSanto Domingo, República Dominicana :bAmigo del Hogar,c1991. a248 p. ;c23 cm. aInventariado, 2019/VM 0010718PDaPDbPDcHDd2019-07-18iLF1l0oxx xxp49101-10r2020-06-25w2020-06-25yLFPDZNo se presta c48588d48588